| 000 | 01245cam a22001694a 4500 | ||
|---|---|---|---|
| 005 | 20250605163500.0 | ||
| 008 | 250528s ||||||||||||||||||||||||d | ||
| 035 | _a20214 | ||
| 040 |
_aGR-AtMCL _bgre _dGR-AtMCL _eAACR2 |
||
| 245 | 1 | _aΤσεχία / Νοέμβριος 1998 | |
| 260 |
_bΕμπορικό Και Βιομηχανικό Επιμελητήριο Αθηνών, _c1998 |
||
| 300 | _a158 | ||
| 520 | _aΓενικά Στοιχεία, Δημογραφικό - Πολιτικό - Οικονομικό Περιβάλλον, Οικονομική Διάρθρωση, Επιχειρηματικό Περιβάλλον, Επενδυτικό Καθεστώς, Φορολογικό Καθεστώς, Δικαιώματα Πνευματικής Ιδιοκτησίας, Τραπεζικός Τομέας, Συναλλαγματικό Καθεστώς, Τιμολογιακή Πολιτική - Ανταγωνισμός, Ιδιοκτησιακό Καθεστώς, Εργασιακό Καθεστώς, Δασμολογικό Καθεστώς - Εξωτερικό Εμπόριο, Χρήσιμες Διευθύνσεις, Εκθέσεις και Διοργανωτές, Παραρτήματα. | ||
| 942 | _cBK | ||
| 999 |
_c5349 _d5349 |
||